000
00350nam a2200133Ia 4500
008
100328s9999 xx 000 0 und d
082
_b
21656
100
_a
कानिटकर माधव
245
_a
चक्रवाक
260
_b
मेनका
630
_a
चक्रवाक
730
_a
चक्रवाक
942
_c
BOOK
999
_c
515653
_d
515650